000
00420nam a2200145Ia 4500
008
100122s9999 xx 000 0 und d
082
_b
46518
_a
823
100
_a
जोशी रत्नप्रभा
245
_a
शिखंडी
260
_b
लोकवाड.मय गृह प्रकाशन
_c
1992
300
_a
114
630
_a
शिखंडी
730
_a
शिखंडी
942
_c
BOOK
999
_c
425643
_d
425640